Statystyki dla Powiaty w województwie warmińsko-mazurskim.

Kliknij tutaj aby rozwiązać quiz!

Ogólne statystyki

  • Ten quiz został rozwiązany 19 razy
  • Średni wynik to 15 z 19

Statystyki odpowiedzi

Powiat% Poprawnych
olsztyński
100%
elbląski
93%
iławski
93%
piski
93%
giżycki
86%
mrągowski
86%
nidzicki
86%
ostródzki
86%
węgorzewski
86%
bartoszycki
79%
braniewski
79%
ełcki
79%
gołdapski
79%
działdowski
71%
kętrzyński
71%
olecki
71%
lidzbarski
64%
nowomiejski
64%
szczycieński
64%

Rozkład punktacji

Percentyl według liczby udzielonych odpowiedzi

Procent ludzi z każdym wynikiem

Twoja historia wyników

Nie rozwiązałeś tego quizu